La persistencia de la pobreza en México.Un análisis económico estructural (Registro nro. 16119)

Detalles MARC
000 -LEADER
fixed length control field 00364 a2200109 4500
001 - CONTROL NUMBER
control field ART_2992
005 - DATE AND TIME OF LATEST TRANSACTION
control field 20260410161711.0
008 - FIXED-LENGTH DATA ELEMENTS--GENERAL INFORMATION
fixed length control field 260409a
100 1# - MAIN ENTRY--PERSONAL NAME
Personal name Barkin, David
245 10 - TITLE STATEMENT
Title La persistencia de la pobreza en México.Un análisis económico estructural
773 0# - HOST ITEM ENTRY
Title Desarrollo económico
Related parts - Vol. 10, Nº 38 (jul./sep. 1970)
Record control number REV1174

No hay ítems disponibles.